[Event "Itzehoe op"]
[Site "Itzehoe"]
[Date "2022.10.01"]
[Round "1"]
[White "Fuhrmann, Aeke"]
[Black "Christiansen, Jana Marie"]
[Result "1-0"]
[WhiteElo "1939"]
[BlackElo "1184"]
[PlyCount "49"]
[EventDate "2022.10.01"]
[EventType "swiss"]
[EventRounds "5"]
[EventCountry "GER"]
[SourceTitle "CBM 210 Extra"]
[Source "ChessBase"]
[SourceDate "2022.11.30"]
[SourceVersion "1"]
[SourceVersionDate "2022.11.30"]
[SourceQuality "1"]

1. d4 Nf6 2. c4 e6 3. g3 Nc6 4. Bg2 d5 5. Nc3 dxc4 6. Nf3 Be7 7. Qa4 0-0 8. Qxc4 a6 9. 0-0 Qd7 10. Rd1 b5 11. Qb3 Bb7 12. Ne5 Qd6 13. Bf4 Na5 14. Qc2 Bxg2 15. Kxg2 Qb4 16. e4 Rfd8 17. Nd3 Qxd4 18. Bxc7 Nc6 19. Bxd8 Rxd8 20. Ne1 Qc5 21. Rxd8+ Bxd8 22. Rd1 Bb6 23. Nd3 Qg5 24. Na4 Nd4 25. Qc8+ 1-0

[Event "GER-chT U12 Girls"]
[Site "Willingen"]
[Date "2022.08.16"]
[Round "7.3"]
[White "Christiansen, Jana Marie"]
[Black "Shynkar, Darya"]
[Result "1-0"]
[WhiteElo "1120"]
[BlackElo "1001"]
[PlyCount "97"]
[EventDate "2022.08.13"]
[EventType "team-swiss"]
[EventRounds "7"]
[EventCountry "GER"]
[SourceTitle "EXT 2023"]
[Source "ChessBase"]
[SourceDate "2022.10.05"]
[SourceVersion "1"]
[SourceVersionDate "2022.10.05"]
[SourceQuality "1"]
[WhiteTeam "Neumuenster Agon"]
[BlackTeam "Paderborn"]
[WhiteTeamCountry "GER"]
[BlackTeamCountry "GER"]

1. c4 Nf6 2. Nc3 e6 3. g3 Bb4 4. Bg2 c6 5. e3 d5 6. cxd5 cxd5 7. d4 Nc6 8. Nf3 Ne4 9. Qc2 Bd7 10. 0-0 Rc8 11. Bd2 Nxd2 12. Qxd2 Ne7 13. a3 Bxc3 14. bxc3 Qa5 15. Rfc1 0-0 16. Ne5 Bb5 17. Rab1 Qa6 18. Rb3 Bc4 19. Nxc4 Rxc4 20. Bf1 b6 21. Bxc4 dxc4 22. Rb4 Nc6 23. Rb2 Na5 24. Qe2 Rc8 25. Rcb1 Nc6 26. Ra2 b5 27. Re1 Qa5 28. Qd2 Rd8 29. Qc2 e5 30. Rd1 Qb6 31. d5 Ne7 32. a4 a6 33. e4 Qg6 34. axb5 axb5 35. Rda1 h6 36. Ra6 Qg5 37. Qc1 Qg4 38. Qe3 Ng6 39. Ra8 Rxa8 40. Rxa8+ Kh7 41. f3 Qd7 42. Qc5 Qb7 43. Qc8 Qxc8 44. Rxc8 Ne7 45. Rc7 Ng8 46. d6 Nf6 47. Rc5 Ne8 48. Rxe5 Nxd6 49. Rd5 1-0